Power plants not to be built (Record no. 64728)

MARC details
000 -LEADER
fixed length control field 00906cam a2200193 4500
001 - CONTROL NUMBER
control field WB3637-06
008 - FIXED-LENGTH DATA ELEMENTS--GENERAL INFORMATION
fixed length control field 000000n2000 000 0 eng u
035 ## - SYSTEM CONTROL NUMBER
System control number (Sirsi) u108412
245 ## - TITLE STATEMENT
Title Power plants not to be built
260 ## - PUBLICATION, DISTRIBUTION, ETC.
Date of publication, distribution, etc. 2000
490 ## - SERIES STATEMENT
Series statement Financial Times
Volume/sequential designation 21 September 2000, 7(1)
520 ## - SUMMARY, ETC.
Summary, etc. A third of planned combined heat and power plants will not be built, according to a survey by the Combined Heat and Power Association. Factors blamed for the loss in confidence are the impact of the climate change levy, falling electricity prices, and higher gas charges. The report states power plants need to be exempt from the climate change levy, or future investment in power plants looks unlikely.
590 ## - LOCAL NOTE (RLIN)
Local note WB
650 ## - SUBJECT ADDED ENTRY--TOPICAL TERM
Topical term or geographic name entry element COMBINED HEAT AND POWER
650 ## - SUBJECT ADDED ENTRY--TOPICAL TERM
Topical term or geographic name entry element CLIMATE CHANGE LEVY
650 ## - SUBJECT ADDED ENTRY--TOPICAL TERM
Topical term or geographic name entry element POWER PLANTS
690 ## - LOCAL SUBJECT ADDED ENTRY--TOPICAL TERM (OCLC, RLIN)
Topical term or geographic name as entry element ENVIRONMENTAL AND LAND CONSULTANCY-ENERGY
942 ## - ADDED ENTRY ELEMENTS (KOHA)
Suppress in OPAC 0
Holdings
Withdrawn status Lost status Source of classification or shelving scheme Damaged status Not for loan Home library Current library Shelving location Date acquired Total Checkouts Full call number Barcode Date last seen Copy number Price effective from Koha item type
    Dewey Decimal Classification     London London News article 21/09/2000   WB3637-06 108412-1001 06/08/2019 1 06/08/2019 News article